In principio erano le mutande /

Αποθηκεύτηκε σε:
Λεπτομέρειες βιβλιογραφικής εγγραφής
Κύριος συγγραφέας: Campo, Rossana (Συγγραφέας)
Μορφή: Βιβλίο
Γλώσσα:Ιταλικά
Έκδοση: Milano : Feltrinelli, 1994
Σειρά:Universale economica ; 1284
Ετικέτες: Προσθήκη ετικέτας
Δεν υπάρχουν, Καταχωρήστε ετικέτα πρώτοι!

MARC

LEADER 00000nam a22000007i 4500
001 IT\ICCU\PAL\0092693
003 ItRI
005 20260115231858.0
008 940630s1994 it |||||| ||||| |||||c
015 |2 IT  |a 95-8581 
020 |a 8807812843 
020 |a 9788807812842 (14. ed. 2011) 
040 |b ita  |c importazione bologna sebina 
041 7 |a ita  |2 ISO-639-2 
082 |a 853.914  |9 NARRATIVA ITALIANA. 1945-  |2 20 
100 1 |a Campo, Rossana  |0 IT\ICCU\RAVV\074462  |4 aut 
240 1 0 |a In principio erano le mutande  |3 IT\ICCU\MIL\0979164  |9 Campo, Rossana 
245 1 0 |a In principio erano le mutande /  |c Rossana Campo. 
260 |a Milano :  |b Feltrinelli,  |c 1994 
300 |a 149 p. ;  |c 20 cm. 
830 0 |a Universale economica ;  |v 1284  |0 IT\ICCU\CFI\0001103 
942 |2 ddc  |c BK  |n 0 
952 |0 0  |1 0  |4 0  |6 L_853_914000000000000_CAM  |7 0  |9 15089  |a BO  |b BO  |d 2026-01-15  |i 8636  |l 0  |o L 853.914 CAM  |p BO8636  |r 2026-01-15 23:18:58  |w 2026-01-15  |x [Sebina 5] [1 v.]  |y BK  |z 1 v. 
999 |c 12986  |d 12986